000 00816nam a2200241 a 4500
001 000010212
005 20240412074216.0
008 091005s2004 dr a 000 0 spa d
020 _a9993429341
040 _aDO-SdBNP
_bspa
_cBNPHU
082 _aRD861.5
_bH526e
100 1 _aHensch, Stéphanie
_925210
245 1 0 _aEntre sueños y estrellas = Mon voyage permis les etoiles /
_cStéphanie, Hensch.
246 1 4 _aMon voyage permis les etoiles
260 _aSanto Domingo :
_bCollado,
_c2004.
300 _a114 p. :
_bil. ;
_c22 cm.
500 _aIncluye datos biográficos del autor en la contracubierta
500 _aTexto en español y francés
590 _aInventariado, 2019 / DG
650 0 _aPoesía dominicana
_966
650 0 _aLiteratura dominicana.
_967
910 _aValidado. Control de calidad MFF
999 _c9971
_d9971